000 01100nam a22003257a 4500
001 BR8102615
003 BR-BrBNA
005 20230928090942.0
007 ta
008 230509b bl.||||| |||| 00| 0 por d
040 _aBR-BrBNA
_bpor
_cBiblioteca Nacional de Agricultura
041 _a(Por)
072 _aM10; N10
_b8100
_b4430
_b/G514
090 _ 8100 BR8102615
100 1 _aFontenele, O.
100 1 _aNepomuceno, F.H.
110 1 _aDepartamento Nacional de Obras Contra as Secas, Fortaleza, CE (Brasil). Diretoria de Pesca e Piscicultura
_93311
245 1 _aEstacao de piscicultura "Valdemar C. de Franca", ex-posto de piscicultura de Amanari (Maranguape-CE): historico , descricao das instalacoes e atividades desenvolvidas ate 1979 [Ceara, Brasil]
260 3 _aFortaleza, CE (Brasil):
_c1980.
300 _a51 p.
500 _a27 illus.; 12 ref.
650 _aPRODUCAO PESQUEIRA
650 _aENGENHARIA RURAL
650 _aPEIXE
650 _aINSTALACAO AGRICOLA
650 _aPISCICULTURA
650 _aCEARA
909 _a202309
_bLucia
_c55
_dLucia Elande
942 _cBK
999 _c31424
_d31424